00433nam a2200121 a 450000100100000000500170001000800410002704000250006808200150009324501010010826000600020930000420026900002942620200930055537.0110415s2008 dr abc 000 0 spa d aDO-SdBNPbspacBNPHU axxxbG575m00aGobierno municipal de Santiago :bmemorias segundo año de gestión agosto 2007 - agosto 2008. aSanto Domingo. :bGobieno Municipal de Santiago,c2008. a157 p. :bil., mapas, retr. ;c29 cm.